La función del banquero central en la actualidad
Guardat en:
| Autor principal: | |
|---|---|
| Format: | Llibre |
| Idioma: | espanyol |
| Publicat: |
Washington, D.C
The Pper Jacobson
1966
|
| Matèries: | |
| Etiquetes: |
Afegir etiqueta
Sense etiquetes, Sigues el primer a etiquetar aquest registre!
|
MARC
| LEADER | 00000nam a2200000 a 4500 | ||
|---|---|---|---|
| 001 | UCT8073 | ||
| 003 | CL-VaPUC | ||
| 005 | 20210805001734.0 | ||
| 008 | 970317e19660000us 1 spa d | ||
| 082 | 0 | 4 | |a 332.112 |b RAS |2 21 |
| 100 | 1 | |a Rasminsky, Louis |e author |9 618199 | |
| 245 | 1 | 3 | |a La función del banquero central en la actualidad |
| 260 | |a Washington, D.C |b The Pper Jacobson |c 1966 | ||
| 300 | |a 68 p | ||
| 583 | |a last modification |c 19970317 00:00:00 |k Rodrigo Vera | ||
| 650 | 0 | 7 | |a BANCOS CENTRALES |2 CL-VaPUC |9 325759 |
| 650 | 0 | 0 | |a Política monetaria |9 258279 |
| 650 | 0 | 7 | |a INSTITUCIONES FINANCIERAS |2 CL-VaPUC |9 257940 |
| 650 | 0 | 0 | |a Política económica |9 255029 |
| 650 | 0 | 7 | |a POLITICA FINANCIERA |2 CL-VaPUC |9 356280 |
| 942 | |c BK | ||
| 945 | |a paguirre |d 19970317 00:00:00 | ||
| 546 | |a En Español | ||
| 518 | |p La Función del banquero Central en la Actualidad, Roma, 9 de Noviembre de 1966 | ||
| 999 | |c 382836 |d 382834 | ||
| 952 | |0 0 |1 0 |4 0 |6 332_112000000000000_RAS_1966 |7 0 |8 P |9 504729 |a BIBDER |b BIBDER |d 2020-01-23 |i 1812505 |o 332.112 RAS 1966 |p 1812505 |r 2023-01-25 |w 2020-01-23 |y BK |k DER | ||